GETS Theological Seminary Library

Galatian (Record no. 16358)

MARC details
000 -LEADER
fixed length control field 00555nam a2200193Ia 4500
008 - FIXED-LENGTH DATA ELEMENTS--GENERAL INFORMATION
fixed length control field 200824s9999||||xx |||||||||||||| ||und||
020 ## - INTERNATIONAL STANDARD BOOK NUMBER
International Standard Book Number 0851118585
020 ## - INTERNATIONAL STANDARD BOOK NUMBER
International Standard Book Number 9780851118581
041 ## - LANGUAGE CODE
Language code of text/sound track or separate title eng
050 ## - LIBRARY OF CONGRESS CALL NUMBER
Classification number BS2685.3
Item number .C6 1965
100 ## - MAIN ENTRY--PERSONAL NAME
Personal name Cole, R. A.
245 #0 - TITLE STATEMENT
Title Galatian
Remainder of title /
Statement of responsibility, etc. R. A. Cole
260 ## - PUBLICATION, DISTRIBUTION, ETC.
Place of publication, distribution, etc. Grand Rapids:
Name of publisher, distributor, etc. Inter-Vasity Press ,
Date of publication, distribution, etc. 1984, c1965
300 ## - PHYSICAL DESCRIPTION
Extent 188 p.
Other physical details ;
Dimensions 19 cm.
490 ## - SERIES STATEMENT
Series statement Tydale New Testament Commentaries :
Volume/sequential designation v.9
650 ## - SUBJECT ADDED ENTRY--TOPICAL TERM
Topical term or geographic name entry element Bible. -- Galatians -- Commentaries.
650 ## - SUBJECT ADDED ENTRY--TOPICAL TERM
Topical term or geographic name entry element Bible. -- Galatians.
Holdings
Withdrawn status Lost status Damaged status Not for loan Home library Current library Shelving location Date acquired Total Checkouts Full call number Barcode Date last seen Price effective from Koha item type
        GETS Theological Seminary Library GETS Theological Seminary Library General Stacks 08/24/2020   BS2685.3 .C6 1965 00004496 08/24/2020 08/24/2020 English Books
OpacCredits

Contact the Librarian, GETS Library
Email: library@mygets.org









Implemented by GETS Library
(Powered by ETCA Professional Group)
GETS Theological Seminary
412 E. Rowland Street, CA 91723